00361nam a2200121Ia 4500020002000000082001700020100001700037245006000054260004500114300001400159504001900173650004700192 a0-7204-3-2364-3 a519.52 KON-; aKonijn, H.S. 0aStatistical theroy of sample survey design and analysis aNew YorkbNorth-Holland Publishingc1973 axi, 429p. aIncludes index aMathematical statistics - Asymtatic theory